|
|
|
|
| LEADER |
00000cam a2200000 7i4500 |
| 001 |
0000012780 |
| 005 |
20080102.0 |
| 008 |
080102 |
| 020 |
|
|
|a 9676109088
|
| 090 |
0 |
0 |
|a 306.0899923
|b WAN
|
| 100 |
0 |
|
|a Wan Ramli Wan Mohamad
|
| 245 |
1 |
0 |
|a Pantang larang orang Melayu tradisional
|c Wan Ramli Wan Muhammad, Hanapi Dollah
|
| 260 |
|
|
|a Kuala Lumpur :
|b Utusan Publications & Distributors ,
|c 2000
|
| 440 |
|
|
|a Siri budaya Utusan
|
| 650 |
|
0 |
|a Malays
|x Social life and customs
|
| 700 |
0 |
|
|a Hanapi Dollah
|
| 710 |
0 |
|
|a Title
|
| 999 |
|
|
|a 0001010673
|b Book
|c Adult Collection
|e Cawangan Muar
|
| 999 |
|
|
|a 0001010674
|b Book
|c Adult Collection
|e Perbadanan Perpustakaan Awam Johor
|
| 999 |
|
|
|a 0001010675
|b Book
|c Adult Collection
|e Perbadanan Perpustakaan Awam Johor
|
| 999 |
|
|
|a 0001214241
|b Book
|c Adult Collection
|e Cawangan Bukit Gambir
|
| 999 |
|
|
|a 0001214243
|b Book
|c Adult Collection
|e Cawangan Segamat
|
| 999 |
|
|
|a 0001214245
|b Book
|c Adult Collection
|e Cawangan Bandar Penawar
|
| 999 |
|
|
|a 0001214253
|b Book
|c Adult Collection
|e Cawangan Kota Tinggi
|
| 999 |
|
|
|a 0001214254
|b Book
|c Adult Collection
|e Cawangan Mersing
|